Estatutos y reglamentos de la Sociedad Barcelonesa de Amigos de la Instrucción
Descripción Física:
19 p. ; 21 cm
MARC
| LEADER | 00000nam a2200000Ia 4500 | ||
|---|---|---|---|
| 001 | 16491 | ||
| 008 | 160829s1888 xx 000 0 cat d | ||
| 080 | |a 3386, exp. de la Sociedad Barcelonesa de Amigos de la Instrucción | ||
| 110 | 2 | |a Sociedad Barcelonesa de Amigos de la Instrucción |9 54167 | |
| 245 | |a Estatutos y reglamentos de la Sociedad Barcelonesa de Amigos de la Instrucción | ||
| 260 | |a Barcelona : |b Imprenta Ibérica de Francisco Fossas, |c 1888 | ||
| 300 | |a 19 p. ; |c 21 cm | ||
| 650 | 0 | |a Societat Económica Barcelonesa d'Amics del País |x Estatuts |9 46760 | |
| 650 | 0 | |a Sociedad Barcelonesa de Amigos de la Instrucción |x Estatuts |9 48182 | |
| 901 | |a Arxiu | ||
| 942 | |n 1 | ||
| 952 | |0 0 |1 0 |4 0 |6 3386_EXP_DE_LA_SOCIEDAD_BARCELONESA_DE_AMIGOS_DE_LA_INSTRUCCIÓN |7 1 |9 54368 |a Arxiu |b Arxiu |d 2016-12-01 |l 0 |o 3386, exp. de la Sociedad Barcelonesa de Amigos de la Instrucción |p 16491 |r 2016-12-01 00:00:00 |w 2016-12-01 |y ARXIU | ||
| 999 | |c 58237 |d 58237 | ||